Сборник Музея антропологии и этнографии. Т. 51: Украшения народов Сибири (Запись № 1503455)

Подробности
000 -МАРКЕР
контрольное поле 02137nam2a2200349 4500
001 - ИДЕНТИФИКАТОР ЗАПИСИ
контрольное поле RU\NLR\bibl\1168612
005 - ИДЕНТИФИКАТОР ВЕРСИИ
контрольное поле 20250615084543.0
010 ## - МЕЖДУНАРОДНЫЙ СТАНДАРТНЫЙ НОМЕР КНИГИ (ISBN)
Номер (ISBN) 5-88431-129-X
Тираж 300
035 ## - ДРУГИЕ СИСТЕМНЫЕ НОМЕРА
Идентификатор записи (NLR Aleph) 001155316
100 ## - ДАННЫЕ ОБЩЕЙ ОБРАБОТКИ
Данные общей обработки 20071214d2005 |||y0rusy50 ca
101 0# - ЯЗЫК РЕСУРСА
Язык текста, звукозаписи и т.д. русский
102 ## - СТРАНА ПУБЛИКАЦИИ ИЛИ ПРОИЗВОДСТВА
Страна публикации российская федерация
105 ## - ПОЛЕ КОДИРОВАННЫХ ДАННЫХ: ТЕКСТОВЫЕ МАТЕРИАЛЫ, МОНОГРАФИЧЕСКИЕ
Кодированные данные о монографическом текстовом документе a |||||||||
200 1# - ЗАГЛАВИЕ И СВЕДЕНИЯ ОБ ОТВЕТСТВЕННОСТИ
Основное заглавие Украшения народов Сибири
Сведения, относящиеся к заглавию [сборник статей
Первые сведения об ответственности отв. ред. Л.Р. Павлинская]
210 ## - ПУБЛИКАЦИЯ, РАСПРОСТРАНЕНИЕ И ДР.
Место издания, распространения и т.д. Санкт-Петербург
Имя издателя, распространителя и т. д. РИО МАЭ РАН
Дата издания, распространения и т.д. 2005
215 ## - ФИЗИЧЕСКАЯ ХАРАКТЕРИСТИКА
Специфическое обозначение материала и объем 341, [2] с.
Другие сведения о физической характеристике ил.
Размеры 27
225 2# - СЕРИЯ
Основное заглавие серии Сборник Музея антропологии и этнографии
Сведения об ответственности Рос. акад. наук, Музей антропологии и этнографии им. Петра Великого (Кунсткамера)
Обозначение тома т. 51
320 ## - ПРИМЕЧАНИЯ О НАЛИЧИИ В ДОКУМЕНТЕ БИБЛИОГРАФИИ / УКАЗАТЕЛЯ
Текст примечания Библиогр. в конце ст.
461 #0 - УРОВЕНЬ НАБОРА
Встроенное поле 001RU\NLR\INFOCOMM10\1000247878
-- 2001#$aСборник Музея антропологии и этнографии$fРос. акад. наук, Ин-т этнографии им. Н.Н. Миклухо-Маклая$vТ. 51
Системный номер (АБИС) связанной записи 2976512
Автор Музей антропологии и этнографии им. Петра Великого (Санкт-Петербург)
Место публикации СПб.
Дата публикации 1900 -
Первые сведения об ответственности Рос. акад. наук, Ин-т этнографии им. Н.Н. Миклухо-Маклая
Имя издателя, распространителя и т.д. Наука. С.-Петербург. отд-ние
Заглавие Сборник Музея антропологии и этнографии
ISSN 0131-3703
Номер тома Т. 51
606 1# - НАИМЕНОВАНИЕ ТЕМЫ КАК ПРЕДМЕТ
Наименование темы Прикладное искусство
Формальный подзаголовок Сборники
Географический подзаголовок Сибирь
Системный номер авторитетной/нормативной записи 1977143
Идентификатор авторитетной/нормативной записи RU\NLR\auth\66906566
606 1# - НАИМЕНОВАНИЕ ТЕМЫ КАК ПРЕДМЕТ
Наименование темы Украшения
Формальный подзаголовок Сборники
Тематический подзаголовок Этнографические исследования
Географический подзаголовок Народы Сибири
Системный номер авторитетной/нормативной записи 2538128
Идентификатор авторитетной/нормативной записи RU\NLR\auth\661502861
686 ## - ИНДЕКСЫ ДРУГИХ КЛАССИФИКАЦИЙ
Индекс Т52(251)-427я43
686 ## - ИНДЕКСЫ ДРУГИХ КЛАССИФИКАЦИЙ
Индекс Щ123(2Р5)я43
702 #1 - ИМЯ ЛИЦА - ВТОРИЧНАЯ ОТВЕТСТВЕННОСТЬ
Начальный элемент ввода Павлинская
Часть имени, кроме начального элемента ввода Л. Р.
Расширение инициалов личного имени Лариса Романовна
Код отношения Редактор
801 #0 - ИСТОЧНИК ЗАПИСИ
Страна российская федерация
Организация NLR
Дата составления 20071214
Правила каталогизации RCR
801 #1 - ИСТОЧНИК ЗАПИСИ
Страна российская федерация
Организация NLR
Дата составления 20071214
852 ## - МЕСТОНАХОЖДЕНИЕ И ШИФР ХРАНЕНИЯ
Идентификатор организации NLR
Шифр хранения (Call Number) П23/1175
942 ## - ДОПОЛНИТЕЛЬНЫЕ ЭЛЕМЕНТЫ ЗАПИСИ (АБИС)
Тип экземпляра АБИС Выпуск
980 ## - КОЛЛЕКЦИЯ
Название коллекции Национальная библиография
980 ## - КОЛЛЕКЦИЯ
Название коллекции Русская периодика

Нет доступных экземпляров.